|
|
|
|
| LEADER |
00000nam a2200000 a 4500 |
| 001 |
vtls008958868 |
| 003 |
SK-MaSNL |
| 005 |
20260302042727.0 |
| 008 |
160610s2007 xo l f 000 0 slo |
| 015 |
|
|
|a SNBA2007/07-03243
|
| 020 |
|
|
|a 9788096964109 (brož.)
|
| 035 |
|
|
|a D4D3BD5D-7331-42D3-8D7E-A9767096E24A
|
| 035 |
|
|
|a urn:nbn:sk:snk-aml1ax
|
| 035 |
|
|
|a urn:nbn:sk:snk-am008mwa
|
| 040 |
|
|
|a SNK
|b slo
|c SNK
|e AACR2
|
| 041 |
0 |
|
|a slo
|
| 044 |
|
|
|a xo
|c SK
|
| 072 |
|
7 |
|a 37
|x Výchova a vzdelávanie
|2 konspekt
|
| 080 |
|
|
|a 37.0:81'246.2
|2 2001
|
| 080 |
|
|
|a 371.3
|2 2001
|
| 080 |
|
|
|a (072)
|2 2001
|
| 080 |
|
|
|a 81'24
|2 2001
|
| 245 |
0 |
0 |
|a Inovácie vo vyučovaní cudzích jazykov: CLIL, plurilingvizmus a bilingválne vzdelávanie
|c Silvia Pokrivčáková ... [et al.]
|
| 250 |
|
|
|a 1. vyd.
|
| 260 |
|
|
|a Nitra
|b ASPA
|c 2007
|
| 300 |
|
|
|a 70 s.
|b sch., tab.
|c 21 cm
|
| 366 |
|
|
|e 120 výtl.
|
| 500 |
|
|
|a Náz. z obalu
|
| 504 |
|
|
|a Bibliogr. s. 66-67
|
| 650 |
0 |
7 |
|a vyučovanie jazykov
|2 SNKPH
|9 31418
|
| 650 |
0 |
7 |
|a bilingválne vzdelávanie
|2 SNKPH
|9 68028
|
| 650 |
0 |
7 |
|a vyučovacie metódy
|2 SNKPH
|9 1521
|
| 650 |
0 |
7 |
|a vyučovanie
|2 SNKPH
|9 1522
|
| 650 |
0 |
7 |
|a Language teaching and learning
|2 SNKPHeng
|9 267180
|
| 650 |
0 |
7 |
|a Bilingual education
|2 SNKPHeng
|9 333178
|
| 650 |
0 |
7 |
|a Teaching
|2 SNKPHeng
|9 267199
|
| 650 |
0 |
7 |
|a Teaching methods
|2 SNKPHeng
|9 286676
|
| 655 |
|
7 |
|a metodické príručky
|2 SNKPH
|9 70250
|
| 655 |
|
7 |
|a Methodological manuals
|2 SNKPHeng
|9 270866
|
| 700 |
1 |
|
|a Pokrivčáková, Silvia,
|d 1971-
|4 aut
|9 213834
|
| 700 |
1 |
|
|a Lauková, Danica
|4 aut
|9 695981
|
| 700 |
1 |
|
|a Vinohradská, Nataša
|4 aut
|9 695982
|
| 700 |
1 |
|
|a Illéšová, Mária
|4 aut
|9 695983
|
| 919 |
|
|
|a 978-80-969641-0-9
|
| 958 |
|
|
|a NB
|
| 958 |
|
|
|a OND
|
| 968 |
|
|
|d 37
|
| 999 |
|
|
|c 1083913
|d 1085843
|
| 952 |
|
|
|a SNK
|b SNK
|y PREZ
|7 0
|p 17A0545708
|o snkSC 127346
|i snk2007/8432
|8 0
|0 0
|1 0
|4 0
|d 2007-03-26
|f 1
|l 0
|r 2025-06-16 00:00:00
|w 2026-02-24
|
| 952 |
|
|
|a SNK
|b SNKPULT
|y VYP
|7 0
|p 17A0545709
|o snkSC 127346 D1
|i snk2007/8433
|8 0
|0 0
|1 0
|4 0
|d 2007-03-26
|l 1
|m 2
|q 2026-05-25
|r 2026-02-28 18:56:56
|s 2026-02-28
|w 2026-02-24
|